000 00293nam a22001337a 4500
008 171012b xxu||||| |||| 00| 0 eng d
020 _a9780073397191
041 _aeng
080 _210TH
_a316
100 _a50
101 _aSOC
245 _aHUMAN SEXUALITY
_cTAVERNER,W.J
942 _2udc
_cBK
999 _c33439
_d33439